000
00308nam a22001217a 4500
040
_c
333
082
_a
333 ROB 1999 C090
100
_a
ROBERT R ALEXANDER
245
_a
Bioeconomic modelling of endangered species conservation
260
_a
Phnom Penh
_b
ROB
_c
1999
300
_a
31p.
_b
ill.
_c
29cm.
942
_c
EK
999
_c
11112
_d
11112